000 00305nam a22001457a 4500
003 SGT
082 _a370
_bB16T
100 _aTRIVEDI, RAKESH
245 _aBHARTIYA SHIKSHA KA ITIHAS
250 _a1ST
260 _aNEW DELHI
_bOMEGA PUB
_c2016
300 _a308
650 _aEDUCATION
942 _2ddc
_cBK
999 _c11857
_d11857